| 000 | 00619nam a2200217 4500 | ||
|---|---|---|---|
| 003 | LK-CoMWRAF | ||
| 005 | 20231022152021.0 | ||
| 008 | 230818b2006 |||||||| |||| 00| 0 eng d | ||
| 020 | _a9068322648 | ||
| 040 |
_aLK-CoMWRAF _dLK-CoMWRAF _eLK-CoMWRAF |
||
| 041 | _aeng | ||
| 082 |
_a338.9 _bHAA |
||
| 100 | _aHaan, Peter de | ||
| 245 |
_aDevelopment in hindsight: _bthe economics of common sense |
||
| 260 |
_aAmsterdam: _bKIT Publishers, _c2006 |
||
| 300 | _a183 p. ; 21 cm. | ||
| 650 | _a ECONOMIC DEVELOPMENT | ||
| 650 | _a Globalization-Economic aspects | ||
| 650 | _aPoverty-Developing countries | ||
| 942 | _cBK | ||
| 999 |
_c3207 _d3207 |
||